[Event "Scarborough CC LH Summer U1700"]
[Site "Toronto CAN"]
[Date "2010.05.27"]
[Round "4"]
[White "Aghamalian, Derick"]
[Black "Dattani, Dinesh"]
[Result "1-0"]
[WhiteElo "1417"]
[BlackElo "1414"]
[PlyCount "89"]
[EventDate "2010.04.29"]
[EventType "swiss"]
[EventRounds "8"]
[EventCountry "CAN"]

1. e4 e5 2. Nf3 Nc6 3. Bc4 Bc5 4. c3 Nf6 5. d4 exd4 6. cxd4 Bb4+ 7. Bd2 Nxe4 8.
Bxb4 Nxb4 9. Bxf7+ Kxf7 10. Qb3+ Ke7 11. Qxb4+ d6 12. Nc3 Nf6 13. O-O Re8 14.
Rfe1+ Kf8 15. Rxe8+ Qxe8 16. Re1 Qc6 17. Qb5 Bd7 18. Qb4 Re8 19. Rxe8+ Bxe8 20.
Ne5 Qb6 21. Qxb6 axb6 22. Nf3 Ke7 23. h3 Bc6 24. Nd2 Nd5 25. Kf1 Ke6 26. g4 Nb4
27. a3 Nc2 28. Nb3 Bd5 29. Nxd5 Kxd5 30. f4 Nxd4 31. Nxd4 Kxd4 32. Ke2 Ke4 33.
f5 d5 34. Kd2 Kf4 35. Kd3 c5 36. b3 b5 37. b4 b6 38. Kc3 Kg3 39. g5 Kf4 40. f6
gxf6 41. gxf6 Ke4 42. f7 c4 43. f8=Q d4+ 44. Kc2 d3+ 45. Kc3 1-0

[Event "Scarborough CC LH Summer U1700"]
[Site "Toronto CAN"]
[Date "2010.05.27"]
[Round "4"]
[White "Aghamalian, Leonid"]
[Black "Vasantharajan, Seyon"]
[Result "1-0"]
[WhiteElo "1560"]
[BlackElo "858"]
[PlyCount "53"]
[EventDate "2010.04.29"]
[EventType "swiss"]
[EventRounds "8"]
[EventCountry "CAN"]

1. e4 c5 2. Nf3 d6 3. d4 cxd4 4. Nxd4 a6 5. Nc3 Nc6 6. Be3 g6 7. Be2 Bg7 8. O-O
Nf6 9. Qd2 Ng4 10. Bxg4 Bxg4 11. Nxc6 bxc6 12. h3 Bd7 13. Bh6 O-O 14. Qe3 Re8
15. h4 Rb8 16. Rab1 e6 17. Bxg7 Kxg7 18. Qd4+ e5 19. Qxd6 Re6 20. Qd3 a5 21.
Rfd1 Rb7 22. Na4 Qe7 23. Qc3 Qxh4 24. Nc5 Rf6 25. f3 Bh3 26. Nxb7 Qg3 27. Rd2
1-0

[Event "Scarborough CC LH Summer U1700"]
[Site "Toronto CAN"]
[Date "2010.06.03"]
[Round "4"]
[White "Orsini, Mike"]
[Black "Mourgelas, James"]
[Result "1-0"]
[WhiteElo "1412"]
[BlackElo "1466"]
[PlyCount "125"]
[EventDate "2010.04.29"]
[EventType "swiss"]
[EventRounds "8"]
[EventCountry "CAN"]

1. e4 e5 2. d3 h6 3. Nd2 Nc6 4. g3 Nf6 5. Bg2 Bc5 6. Ngf3 O-O 7. O-O d6 8. Nb3
Bb6 9. Be3 Bxe3 10. fxe3 Ne7 11. Nh4 Bg4 12. Qd2 Qd7 13. Rf2 Bh3 14. Qe2 Bxg2
15. Kxg2 Ng6 16. Nf5 b6 17. Nxh6+ gxh6 18. Rxf6 Kg7 19. Raf1 Rae8 20. R1f5 Re6
21. Qf3 Rxf6 22. Rxf6 Qe7 23. Rf5 Qe6 24. Qg4 Kh7 25. Qh3 Rg8 26. Rh5 Qxh3+ 27.
Kxh3 Ne7 28. Nd2 Kg6 29. Rh4 Kh7 30. Rg4 Rf8 31. Kg2 f5 32. exf5 Nxf5 33. Re4
Ng7 34. d4 Re8 35. Nf3 exd4 36. Rxe8 Nxe8 37. exd4 Nf6 38. Kf2 Ng4+ 39. Ke2 Kg7
40. h3 Nf6 41. c4 Kf7 42. Ke3 c6 43. b4 d5 44. Ne5+ Ke6 45. c5 bxc5 46. bxc5 a5
47. Nxc6 a4 48. g4 Ne4 49. Nb4 Nf6 50. Nd3 Kd7 51. Kf4 Ke6 52. h4 Ne4 53. g5
hxg5+ 54. hxg5 Nc3 55. Nb4 Nb5 56. Nc2 Nc3 57. c6 Nb5 58. a3 Nc7 59. Kg4 Kf7
60. Kf5 Kg7 61. Ne1 Kf7 62. Nd3 Kg7 63. Nb2 1-0

[Event "Scarborough CC LH Summer U1700"]
[Site "Toronto CAN"]
[Date "2010.05.27"]
[Round "4"]
[White "Roy, Harrison"]
[Black "Azmitia, Gabriel"]
[Result "0-1"]
[WhiteElo "904"]
[BlackElo "1618"]
[PlyCount "52"]
[EventDate "2010.04.29"]
[EventType "swiss"]
[EventRounds "8"]
[EventCountry "CAN"]

1. e4 c5 2. Nf3 d6 3. Nc3 a6 4. Be2 Qc7 5. O-O Nf6 6. d3 e5 7. Bg5 Nbd7 8. Re1
b5 9. b4 Be7 10. Rb1 O-O 11. Nh4 Nb6 12. Bxf6 Bxf6 13. Ra1 Bxh4 14. a4 cxb4 15.
Nd5 Nxd5 16. exd5 bxa4 17. Rxa4 Qb6 18. g3 Bd7 19. gxh4 Bxa4 20. d4 f6 21. dxe5
fxe5 22. Bf3 Rac8 23. Be4 Qxf2+ 24. Kh1 Bxc2 25. Bxc2 Rxc2 26. Rf1 Qg2# 0-1

[Event "Scarborough CC LH Summer U1700"]
[Site "Toronto CAN"]
[Date "2010.05.27"]
[Round "4"]
[White "Smith, Maurice"]
[Black "Orsini, Mike"]
[Result "0-1"]
[WhiteElo "1648"]
[BlackElo "1412"]
[PlyCount "70"]
[EventDate "2010.04.29"]
[EventType "swiss"]
[EventRounds "8"]
[EventCountry "CAN"]

1. d4 Nf6 2. c4 e6 3. Nf3 b6 4. g3 Bb7 5. Bg2 Nc6 6. O-O h6 7. Nc3 d6 8. Re1
Qd7 9. e4 O-O-O 10. d5 Ne7 11. b4 g5 12. c5 exd5 13. exd5 Nexd5 14. Nxd5 Nxd5
15. Bb2 Rg8 16. Rc1 Nxb4 17. cxb6 axb6 18. a3 Na6 19. Qc2 f5 20. Nd4 Bxg2 21.
Kxg2 f4 22. Nc6 Nc5 23. Nd4 Bg7 24. Qd1 Bxd4 25. Qf3 Qa4 26. Bxd4 Qxd4 27. Qa8+
Kd7 28. Qf3 g4 29. Qd1 Qxd1 30. Rexd1 f3+ 31. Kf1 Rge8 32. Rd5 Re5 33. Rdd1 Re2
34. Rd5 Rde8 35. Rdd1 Ne4 0-1

[Event "Scarborough CC LH Summer U1700"]
[Site "Toronto CAN"]
[Date "2010.05.27"]
[Round "4"]
[White "Song, Lin"]
[Black "Karpik, Steve"]
[Result "1-0"]
[WhiteElo "1448"]
[BlackElo "1494"]
[PlyCount "57"]
[EventDate "2010.04.29"]
[EventType "swiss"]
[EventRounds "8"]
[EventCountry "CAN"]

1. e4 d6 2. d4 Nf6 3. Nc3 g6 4. Nf3 Bg7 5. Be3 O-O 6. h3 a6 7. Qd2 Nbd7 8.
O-O-O c6 9. Kb1 b5 10. a3 a5 11. e5 b4 12. exf6 bxc3 13. Qxc3 Bxf6 14. Qxc6 Rb8
15. Qc3 Nc5 16. Qd2 Ne4 17. Qd3 d5 18. Nd2 Nc5 19. dxc5 Bxb2 20. Nb3 Bxa3 21.
Qxd5 Qc7 22. Bc4 a4 23. Bh6 Be6 24. Qd4 f6 25. Bxe6+ Kh8 26. Bxf8 axb3 27. Bxb3
Bxc5 28. Qd5 Qa5 29. Qg8# 1-0

[Event "Scarborough CC LH Summer U1700"]
[Site "Toronto CAN"]
[Date "2010.05.27"]
[Round "4"]
[White "Vyravanathan, Sobiga"]
[Black "Termeer, Ted"]
[Result "0-1"]
[WhiteElo "1234"]
[BlackElo "1530"]
[PlyCount "148"]
[EventDate "2010.04.29"]
[EventType "swiss"]
[EventRounds "8"]
[EventCountry "CAN"]

1. e4 c5 2. Nf3 d6 3. d4 cxd4 4. Nxd4 Nc6 5. Bb5 Bd7 6. Nc3 Nxd4 7. Bxd7+ Qxd7
8. Qxd4 Qc6 9. Qd5 Nf6 10. Qb5 g6 11. Bg5 Bg7 12. Rb1 O-O 13. Qxc6 bxc6 14. O-O
Rfe8 15. Rfe1 Nd7 16. Rbd1 Bxc3 17. bxc3 f6 18. Bf4 Nb6 19. Be3 Na4 20. Rd3
Reb8 21. Bc1 Nc5 22. Rd4 Rb1 23. Rb4 Rxb4 24. cxb4 Na4 25. a3 Rc8 26. g3 a6 27.
c4 c5 28. Bd2 cxb4 29. Bxb4 Rxc4 30. f3 Nb2 31. Re2 Nd3 32. Ra2 Kf7 33. Kf1 Ke6
34. Ra1 Kd7 35. Ke2 Nxb4 36. axb4 Rxb4 37. Rxa6 Rb2+ 38. Ke3 Rxh2 39. Ra7+ Ke6
40. Ra5 h5 41. Ra1 Rg2 42. Rd1 Rxg3 43. Kf2 Rg5 44. f4 Ra5 45. Rg1 Kf7 46. Rd1
h4 47. Rh1 Rh5 48. Kf3 f5 49. exf5 gxf5 50. Ke3 Kf6 51. Kd4 e5+ 52. fxe5+ dxe5+
53. Ke3 h3 54. Kf3 h2 55. Kg2 f4 56. Rxh2 Rxh2+ 57. Kxh2 Kf5 58. Kg2 Kg4 59.
Kf2 e4 60. Ke1 Kf3 61. Kf1 e3 62. Ke1 Ke4 63. Ke2 f3+ 64. Ke1 Kd3 65. Kd1 f2
66. Kc1 f1=Q+ 67. Kb2 e2 68. Kb3 e1=Q 69. Ka4 Qa1+ 70. Kb5 Qf5+ 71. Kc6 Qaf6+
72. Kc7 Q5e5+ 73. Kd7 Qee7+ 74. Kc8 Qff8# 0-1

[Event "Scarborough CC LH Summer U1700"]
[Site "Toronto CAN"]
[Date "2010.05.27"]
[Round "4"]
[White "Walker, John"]
[Black "Philip, Andrew"]
[Result "1-0"]
[WhiteElo "1543"]
[BlackElo "1530"]
[PlyCount "59"]
[EventDate "2010.04.29"]
[EventType "swiss"]
[EventRounds "8"]
[EventCountry "CAN"]

1. d4 Nf6 2. Nf3 e6 3. e3 c5 4. Bd3 cxd4 5. exd4 d5 6. Nbd2 Nc6 7. a3 Be7 8. b3
O-O 9. Bb2 b6 10. O-O Bb7 11. Ne5 Qc7 12. f4 g6 13. Rf3 Nd7 14. Rg3 Ndxe5 15.
fxe5 Kg7 16. Qh5 Rh8 17. Nf3 Kg8 18. Bc1 Bf8 19. Bh6 Bg7 20. Bxg7 Kxg7 21. Rf1
Kf8 22. Qh6+ Ke7 23. Ng5 Raf8 24. Rgf3 Nd8 25. Qh4 Ke8 26. Nxh7 Rfg8 27. Nf6+
Kf8 28. Qg4 Rg7 29. Rh3 Rxh3 30. Qxh3 1-0

[Event "Scarborough CC LH Summer U1700"]
[Site "Toronto CAN"]
[Date "2010.05.27"]
[Round "4"]
[White "Wang, Jason"]
[Black "Zhang, John"]
[Result "0-1"]
[WhiteElo "1208"]
[BlackElo "1160"]
[PlyCount "86"]
[EventDate "2010.04.29"]
[EventType "swiss"]
[EventRounds "8"]
[EventCountry "CAN"]

1. e4 e5 2. Nf3 Nc6 3. Bb5 a6 4. Ba4 Nf6 5. d3 b5 6. Bb3 Be7 7. O-O d6 8. Nc3
Bg4 9. h3 Bh5 10. Be3 Na5 11. Bd5 c6 12. Bb3 Nxb3 13. axb3 d5 14. exd5 cxd5 15.
Nb1 Qd6 16. Nbd2 e4 17. g4 Nxg4 18. dxe4 Nxe3 19. fxe3 Qg3+ 20. Kh1 Qxh3+ 21.
Kg1 dxe4 22. Rf2 exf3 23. Nxf3 Qg3+ 24. Kf1 Bh4 25. Qe2 Qh3+ 26. Ke1 Bxf2+ 27.
Kxf2 Bxf3 28. Qxf3 Qxf3+ 29. Kxf3 O-O-O 30. Rxa6 Kb7 31. Ra1 Rd2 32. Rc1 h5 33.
Kg3 h4+ 34. Kh3 g5 35. c4 Rxb2 36. cxb5 Rxb3 37. Rf1 Rxe3+ 38. Kh2 Kb6 39. Rf6+
Kxb5 40. Rf5+ Kc4 41. Rf1 g4 42. Rc1+ Kd3 43. Rd1+ Ke2 0-1

[Event "Scarborough CC LH Summer U1700"]
[Site "Toronto CAN"]
[Date "2010.05.27"]
[Round "4"]
[White "Xie, Peter"]
[Black "Rutherdale, William"]
[Result "1/2-1/2"]
[WhiteElo "1584"]
[BlackElo "1756"]
[PlyCount "49"]
[EventDate "2010.04.29"]
[EventType "swiss"]
[EventRounds "8"]
[EventCountry "CAN"]

1. e4 e5 2. Nf3 Nc6 3. Bb5 a6 4. Ba4 Nf6 5. O-O Be7 6. Re1 b5 7. Bb3 d6 8. c3
O-O 9. h3 Na5 10. Bc2 c5 11. d4 Nd7 12. Nbd2 exd4 13. cxd4 Nc6 14. d5 Nce5 15.
Nxe5 Nxe5 16. f4 Ng6 17. Nf3 Bh4 18. Nxh4 Qxh4 19. Rf1 Bd7 20. Bd2 Rfe8 21. Be1
Qf6 22. Bc3 Qh4 23. Be1 Qf6 24. Bc3 Qh4 25. Be1 1/2-1/2

[Event "Scarborough CC LH Summer U1700"]
[Site "Toronto CAN"]
[Date "2010.05.27"]
[Round "4"]
[White "Yie, Kevin"]
[Black "Liu, Peter"]
[Result "0-1"]
[WhiteElo "1332"]
[BlackElo "1125"]
[PlyCount "56"]
[EventDate "2010.04.29"]
[EventType "swiss"]
[EventRounds "8"]
[EventCountry "CAN"]

1. e4 c5 2. Nf3 d6 3. d4 cxd4 4. Nxd4 Nf6 5. Nc3 g6 6. Be3 Bg7 7. Nb3 O-O 8. f3
Nc6 9. Be2 Be6 10. O-O d5 11. exd5 Bxd5 12. Nxd5 Nxd5 13. Bd4 Nxd4 14. Nxd4 Qb6
15. c3 Qxb2 16. Rb1 Qxc3 17. Nc2 Qc5+ 18. Kh1 Nc3 19. Qe1 Nxb1 20. Qxb1 Rfd8
21. Rc1 Bh6 22. Rf1 Rd2 23. Qxb7 Rad8 24. Qa6 Qxc2 25. Rd1 Rxe2 26. Rf1 Rxg2
27. h3 Rh2+ 28. Kg1 Qg2# 0-1

[Event "Scarborough CC LH Summer U1700"]
[Site "Toronto CAN"]
[Date "2010.06.03"]
[Round "5"]
[White "Aghamalian, Derick"]
[Black "Moffat, Anthony"]
[Result "1-0"]
[WhiteElo "1320"]
[BlackElo "1300"]
[PlyCount "90"]
[EventDate "2010.04.29"]
[EventType "swiss"]
[EventRounds "8"]
[EventCountry "CAN"]

1. e4 c5 2. Nf3 d6 3. d4 cxd4 4. Nxd4 Nf6 5. Nc3 a6 6. Be3 e6 7. Be2 Be7 8. O-O
O-O 9. f4 b5 10. a3 Bb7 11. Bd3 Nbd7 12. b4 Rc8 13. Bd2 Qb6 14. Be3 Rxc3 15.
Qd2 Rc7 16. Nxe6 Qc6 17. Nxc7 Qxc7 18. Rfe1 Nxe4 19. Bxe4 Bxe4 20. Bd4 Bxc2 21.
Rxe7 Qc6 22. Rc1 Rc8 23. Re2 Qd5 24. Be3 Qa2 25. Rxc2 Rxc2 26. Qxc2 Qxa3 27.
Qc8+ Nf8 28. Bb6 Qxb4 29. Re8 Qb1+ 30. Kf2 Qc2+ 31. Kf3 Qb3+ 32. Be3 Qd5+ 33.
Kg3 h5 34. Rxf8+ Kh7 35. Rh8+ Kg6 36. f5+ Kf6 37. Qd8+ Ke5 38. Re8+ Qe6 39.
fxe6 fxe6 40. Qg5+ Ke4 41. Rxe6+ Kd3 42. Qd5+ Kc3 43. Qd4+ Kb3 44. Rxd6 a5 45.
Bc1 a4 1-0

[Event "Scarborough CC LH Summer U1700"]
[Site "Toronto CAN"]
[Date "2010.06.03"]
[Round "5"]
[White "Aghamalian, Leonid"]
[Black "Roy, Lawrence"]
[Result "1-0"]
[WhiteElo "1560"]
[BlackElo "764"]
[PlyCount "77"]
[EventDate "2010.04.29"]
[EventType "swiss"]
[EventRounds "8"]
[EventCountry "CAN"]

1. e4 e5 2. Nf3 Nf6 3. Nxe5 d6 4. Nf3 Nxe4 5. d4 Bg4 6. Bd3 Qe7 7. O-O Bxf3 8.
gxf3 Nf6 9. Re1 Nc6 10. Rxe7+ Bxe7 11. c3 O-O-O 12. Qb3 d5 13. Be3 Rhg8 14.
Bf5+ Kb8 15. Nd2 g6 16. Bd3 g5 17. Ba6 Na5 18. Qb5 c6 19. Qxa5 bxa6 20. Qxa6
Rd6 21. Kh1 c5 22. Qa5 Bd8 23. Qxc5 Bc7 24. a4 g4 25. Bf4 Nd7 26. Qb5+ Rb6 27.
Bxc7+ Kxc7 28. Qxd5 Rxb2 29. Ra2 Nb6 30. Qc5+ Kb8 31. Rxb2 Ka8 32. Qc6+ Kb8 33.
a5 Rc8 34. Qd6+ Kb7 35. axb6 Rc6 36. Qd7+ Kb8 37. Qxc6 a6 38. Qc7+ Ka8 39. Qa7#
1-0

[Event "Scarborough CC LH Summer U1700"]
[Site "Toronto CAN"]
[Date "2010.06.03"]
[Round "5"]
[White "Dattani, Dinesh"]
[Black "Pishdad, Hassan"]
[Result "1-0"]
[WhiteElo "1414"]
[BlackElo "1372"]
[PlyCount "63"]
[EventDate "2010.04.29"]
[EventType "swiss"]
[EventRounds "8"]
[EventCountry "CAN"]

1. e4 c5 2. Nf3 b6 3. d4 cxd4 4. Nxd4 Bb7 5. f3 e5 6. Nb3 Nf6 7. Nc3 Be7 8. Be3
O-O 9. Qd2 a6 10. Na4 Bc5 11. Naxc5 bxc5 12. Bxc5 Re8 13. Bd6 Nc6 14. O-O-O Na7
15. Nc5 Qb6 16. Nxb7 Qxb7 17. Ba3 Nb5 18. Bxb5 axb5 19. Kb1 Ra4 20. Bb4 Rea8
21. a3 Qc6 22. Qc3 Qe6 23. Rd6 Qe8 24. Rhd1 Rc8 25. Qd3 Rb8 26. Qe3 Kh8 27. Rb6
Raa8 28. Rxb8 Rxb8 29. Bd6 Rb7 30. Qc5 Qa8 31. Qxe5 Ne8 32. Bb4 1-0

[Event "Scarborough CC LH Summer U1700"]
[Site "Toronto CAN"]
[Date "2010.06.03"]
[Round "5"]
[White "Karpik, Steve"]
[Black "Su, Stanley"]
[Result "1-0"]
[WhiteElo "1494"]
[BlackElo "1422"]
[PlyCount "59"]
[EventDate "2010.04.29"]
[EventType "swiss"]
[EventRounds "8"]
[EventCountry "CAN"]

1. Nf3 Nf6 2. g3 Nc6 3. Bg2 e5 4. d3 Bc5 5. O-O O-O 6. Nc3 Re8 7. Bg5 h6 8.
Bxf6 Qxf6 9. Nd5 Qd8 10. a3 d6 11. b4 Bb6 12. Nxb6 axb6 13. c4 Be6 14. Qc1 Qe7
15. Re1 Ra7 16. Qc3 f5 17. d4 exd4 18. Nxd4 Nxd4 19. Qxd4 c5 20. Qc3 Qf7 21.
Red1 Bxc4 22. Rxd6 cxb4 23. Qxb4 b5 24. Rad1 Bxe2 25. Bd5 Bxd1 26. Bxf7+ Kxf7
27. Rxd1 Raa8 28. Rd7+ Kg8 29. Qb3+ Kh8 30. Qxb5 1-0

[Event "Scarborough CC LH Summer U1700"]
[Site "Toronto CAN"]
[Date "2010.06.03"]
[Round "5"]
[White "Liu, Peter"]
[Black "Smith, Maurice"]
[Result "1/2-1/2"]
[WhiteElo "1125"]
[BlackElo "1648"]
[PlyCount "79"]
[EventDate "2010.04.29"]
[EventType "swiss"]
[EventRounds "8"]
[EventCountry "CAN"]

1. e4 c5 2. Nf3 d6 3. d4 cxd4 4. Nxd4 Nf6 5. Nc3 g6 6. Be3 Bg7 7. Bc4 O-O 8. f3
Bd7 9. Qd2 Nc6 10. O-O-O Rc8 11. Bb3 Ne5 12. Kb1 Nc4 13. Bxc4 Rxc4 14. h4 h5
15. g4 Qa5 16. Nb3 Qa6 17. Bh6 Rfc8 18. Bxg7 Kxg7 19. gxh5 Nxh5 20. e5 Bc6 21.
Qd3 dxe5 22. Rhg1 Bb5 23. Qf5 Kf8 24. Qxe5 Qf6 25. Qxf6 Nxf6 26. Nxb5 a6 27.
N5d4 e5 28. Ne2 Rxh4 29. Rh1 Rxh1 30. Rxh1 Ke7 31. f4 e4 32. Re1 Nd5 33. Ned4
f5 34. Na5 Rc7 35. c4 Nxf4 36. b4 Nd3 37. Rg1 Kf6 38. b5 Rd7 39. bxa6 bxa6 40.
Nac6 1/2-1/2

[Event "Scarborough CC LH Summer U1700"]
[Site "Toronto CAN"]
[Date "2010.06.03"]
[Round "5"]
[White "Philip, Andrew"]
[Black "Song, Lin"]
[Result "0-1"]
[WhiteElo "1530"]
[BlackElo "1448"]
[PlyCount "74"]
[EventDate "2010.04.29"]
[EventType "swiss"]
[EventRounds "8"]
[EventCountry "CAN"]

1. d4 Nf6 2. Bg5 d6 3. Bxf6 gxf6 4. e4 e5 5. Nf3 Bg4 6. Be2 Bxf3 7. Bxf3 Nc6 8.
d5 Ne7 9. Qd3 c6 10. Nc3 Ng6 11. g3 Ne7 12. O-O-O c5 13. Bg4 Bh6+ 14. Kb1 O-O
15. Qf3 Bg7 16. h4 a6 17. h5 h6 18. Qg2 b5 19. Rdf1 b4 20. Nd1 c4 21. f4 Qa5
22. Rf3 c3 23. bxc3 bxc3 24. Rxc3 exf4 25. Bf5 Nxf5 26. exf5 Rfc8 27. Rb3 Qa4
28. gxf4 Qxf4 29. Rg1 Qg5 30. Rg3 Rab8+ 31. Nb2 Qxf5 32. Rxg7+ Kh8 33. Rxf7 Rg8
34. Rg7 Rxb2+ 35. Kxb2 Qe5+ 36. Kc1 Qe3+ 37. Kd1 Qd4+ 0-1

[Event "Scarborough CC LH Summer U1700"]
[Site "Toronto CAN"]
[Date "2010.06.03"]
[Round "5"]
[White "Termeer, Ted"]
[Black "Rogers, Michael"]
[Result "1/2-1/2"]
[WhiteElo "1530"]
[BlackElo "1536"]
[PlyCount "67"]
[EventDate "2010.04.29"]
[EventType "swiss"]
[EventRounds "8"]
[EventCountry "CAN"]

1. Nf3 f5 2. d4 Nf6 3. c4 g6 4. Nc3 d6 5. e3 Bg7 6. Bd3 O-O 7. Bd2 Na6 8. O-O
c6 9. c5 b5 10. cxb6 axb6 11. Bc4+ e6 12. Qb3 d5 13. Be2 b5 14. Ne5 Bd7 15.
Rfc1 Qe8 16. f4 Ne4 17. Nxe4 fxe4 18. Nxd7 Qxd7 19. Bb4 Nxb4 20. Qxb4 Rac8 21.
Qe1 Qe7 22. Rc5 e5 23. fxe5 Bxe5 24. Rac1 Bd6 25. Rxc6 Rxc6 26. Rxc6 Qf6 27.
Bxb5 Rb8 28. a4 Rf8 29. Qe2 Qe7 30. Qc2 Bxh2+ 31. Kxh2 Qh4+ 32. Kg1 Qe1+ 33.
Kh2 Qh4+ 34. Kg1 1/2-1/2

[Event "Scarborough CC LH Summer U1700"]
[Site "Toronto CAN"]
[Date "2010.06.03"]
[Round "5"]
[White "Vasantharajan, Seyon"]
[Black "Yie, Kevin"]
[Result "0-1"]
[WhiteElo "858"]
[BlackElo "1332"]
[PlyCount "74"]
[EventDate "2010.04.29"]
[EventType "swiss"]
[EventRounds "8"]
[EventCountry "CAN"]

1. d4 Nf6 2. c4 c5 3. d5 b5 4. cxb5 a6 5. Qa4 Nxd5 6. e4 Nb6 7. Qc2 d6 8. Nc3
axb5 9. Bxb5+ Bd7 10. Nge2 Bxb5 11. Nxb5 Qd7 12. Nec3 g6 13. O-O Bg7 14. Nd5
Nxd5 15. a4 Nc7 16. Nxc7+ Qxc7 17. Be3 O-O 18. Qc1 Nd7 19. Ra2 Rfb8 20. Bd2 Qc6
21. Qc2 Rb7 22. b4 c4 23. b5 Qc7 24. Rb1 Rba7 25. b6 Nxb6 26. Be3 Rb7 27. a5
Nd7 28. Bb6 Nxb6 29. axb6 Qb8 30. Rxa8 Qxa8 31. Qxc4 Qb8 32. Qb4 Bf8 33. g3 e6
34. Qa5 Be7 35. Kg2 Bd8 36. Qa7 Rxa7 37. bxa7 Qxa7 0-1

[Event "Scarborough CC LH Summer U1700"]
[Site "Toronto CAN"]
[Date "2010.06.03"]
[Round "5"]
[White "Wang, Jason"]
[Black "Roy, Harrison"]
[Result "1-0"]
[WhiteElo "1208"]
[BlackElo "904"]
[PlyCount "38"]
[EventDate "2010.04.29"]
[EventType "swiss"]
[EventRounds "8"]
[EventCountry "CAN"]

1. e4 c5 2. Nf3 Nc6 3. Bb5 Nb4 4. a3 Na6 5. Nc3 e5 6. O-O f6 7. d3 Nc7 8. Be3
Nxb5 9. Nxb5 d6 10. Nd2 Nh6 11. Bxh6 gxh6 12. Nc3 f5 13. Qh5+ Ke7 14. Nd5+ Kd7
15. Qxf5+ Kc6 16. Qf3 Rg8 17. Qd1 Bh3 18. Ne3 Rxg2+ 19. Nxg2 Qg5 1-0

[Event "Scarborough CC LH Summer U1700"]
[Site "Toronto CAN"]
[Date "2010.06.03"]
[Round "5"]
[White "Zhang, John"]
[Black "Vyravanathan, Sobiga"]
[Result "1-0"]
[WhiteElo "1160"]
[BlackElo "1234"]
[PlyCount "71"]
[EventDate "2010.04.29"]
[EventType "swiss"]
[EventRounds "8"]
[EventCountry "CAN"]

1. e4 c5 2. Nf3 Nc6 3. d4 cxd4 4. Nxd4 d6 5. Nc3 Nf6 6. Bg5 a6 7. Bc4 Qb6 8.
Nb3 Qb4 9. Bd3 Be6 10. O-O Bg4 11. Qd2 h6 12. Be3 Na5 13. Rfe1 e6 14. f3 Bh5
15. Qf2 Nxb3 16. axb3 d5 17. exd5 e5 18. Bb5+ Nd7 19. Ra4 Qe7 20. Bd4 f6 21. f4
Qd8 22. Bxd7+ Qxd7 23. fxe5 f5 24. e6 Qe7 25. Qxf5 Qg5 26. Qxg5 hxg5 27. Nb5
Kd8 28. d6 Be8 29. Bb6+ Kc8 30. d7+ Bxd7 31. exd7+ Kxd7 32. Rd4+ Kc6 33. Re6+
Kxb5 34. Rd5+ Bc5+ 35. Rxc5+ Kb4 36. Re4# 1-0

[Event "Scarborough CC LH Summer U1700"]
[Site "Toronto CAN"]
[Date "2010.06.10"]
[Round "6"]
[White "Karpik, Steve"]
[Black "Aghamalian, Derick"]
[Result "1-0"]
[WhiteElo "1495"]
[BlackElo "1320"]
[PlyCount "71"]
[EventDate "2010.04.29"]
[EventType "swiss"]
[EventRounds "8"]
[EventCountry "CAN"]

1. Nf3 Nc6 2. g3 e5 3. d3 d5 4. Bg2 Nf6 5. a3 Bf5 6. Nc3 h6 7. O-O Bc5 8. b4
Bb6 9. Na4 Rc8 10. Nxb6 cxb6 11. Bb2 d4 12. c4 Qd6 13. Rc1 Nd7 14. Nd2 O-O 15.
Ne4 Qe7 16. Rc2 Bxe4 17. Bxe4 f5 18. Bg2 Qd6 19. e4 f4 20. Bh3 f3 21. Bg4 Rc7
22. Bxf3 Nf6 23. Bg2 Rcf7 24. f4 exf4 25. Rxf4 g5 26. Rf5 Ne7 27. e5 Qd7 28.
Rxf6 Rxf6 29. exf6 Nf5 30. Bd5+ Kh8 31. Qh5 Rxf6 32. Re2 Kh7 33. Qe8 Qxe8 34.
Rxe8 Ne3 35. Re7+ Kg6 36. Re6 1-0

[Event "Scarborough CC LH Summer U1700"]
[Site "Toronto CAN"]
[Date "2010.06.10"]
[Round "6"]
[White "Moffat, Anthony"]
[Black "Dattani, Dinesh"]
[Result "1-0"]
[WhiteElo "1300"]
[BlackElo "1414"]
[PlyCount "43"]
[EventDate "2010.04.29"]
[EventType "swiss"]
[EventRounds "8"]
[EventCountry "CAN"]

1. e4 e5 2. Nf3 d6 3. Nc3 Be7 4. Bc4 Nf6 5. h3 O-O 6. d4 exd4 7. Nxd4 Nxe4 8.
Nxe4 d5 9. Bd3 dxe4 10. Bxe4 Re8 11. Be3 Bb4+ 12. c3 Bxc3+ 13. bxc3 Rxe4 14.
O-O b6 15. Qd3 Bb7 16. Rfe1 Nc6 17. Qxe4 Nxd4 18. Qxb7 Nc2 19. Red1 Qc8 20.
Qxc8+ Rxc8 21. Rac1 Nxe3 22. fxe3 1-0

[Event "Scarborough CC LH Summer U1700"]
[Site "Toronto CAN"]
[Date "2010.06.10"]
[Round "6"]
[White "Pishdad, Hassan"]
[Black "Vyravanathan, Sobiga"]
[Result "0-1"]
[WhiteElo "1380"]
[BlackElo "1234"]
[PlyCount "94"]
[EventDate "2010.04.29"]
[EventType "swiss"]
[EventRounds "8"]
[EventCountry "CAN"]

1. e4 c5 2. Nc3 Nc6 3. Nf3 d6 4. Be2 Nf6 5. d3 e5 6. Bg5 Be7 7. Bxf6 Bxf6 8.
O-O O-O 9. Nd2 Be6 10. Nf3 Qb6 11. b3 Rad8 12. Na4 Qc7 13. c4 a6 14. Nc3 Rd7
15. Qd2 Qa5 16. Rfd1 Rb8 17. Na4 Qc7 18. Ng5 Nd4 19. Nf3 Nc6 20. a3 b5 21. Nc3
bxc4 22. bxc4 Qa5 23. Rdb1 Rdb7 24. Rxb7 Rxb7 25. Rb1 Rxb1+ 26. Nxb1 Qxd2 27.
Nfxd2 Nd4 28. Bd1 Kf8 29. Nc3 Ke8 30. Nf3 Nc6 31. h3 h6 32. Na4 Bd8 33. g4 g5
34. Nc3 Ba5 35. Ba4 Bxc3 36. Bxc6+ Bd7 37. Bxd7+ Kxd7 38. a4 Kc6 39. Kf1 Kb6
40. Ke2 Ka5 41. Nd2 Kxa4 42. Nb1 Bd4 43. f3 Kb3 44. Nd2+ Kc2 45. Nf1 a5 46. Ng3
a4 47. Nf5 a3 0-1

[Event "Scarborough CC LH Summer U1700"]
[Site "Toronto CAN"]
[Date "2010.06.10"]
[Round "6"]
[White "Rogers, Michael"]
[Black "Orsini, Mike"]
[Result "0-1"]
[WhiteElo "1536"]
[BlackElo "1412"]
[PlyCount "50"]
[EventDate "2010.04.29"]
[EventType "swiss"]
[EventRounds "8"]
[EventCountry "CAN"]

1. e4 c5 2. Nf3 d6 3. d4 cxd4 4. Nxd4 Nf6 5. Nc3 a6 6. Bg5 g6 7. f4 Bg7 8. Bc4
Ng4 9. Nf3 Qb6 10. Qe2 Qxb2 11. O-O Qxc3 12. Rfe1 b5 13. Bd5 Qc5+ 14. Kf1 Bxa1
15. Bxa8 Bc3 16. h3 Bxe1 17. hxg4 Bg3 18. Nh4 Bxg4 19. Nf3 h6 20. Bxe7 Kxe7 21.
Bd5 Bxf4 22. Qd3 Qe3 23. Qxe3 Bxe3 24. Ke2 Bc5 25. c3 Nd7 0-1

[Event "Scarborough CC LH Summer U1700"]
[Site "Toronto CAN"]
[Date "2010.06.10"]
[Round "6"]
[White "Smith, Maurice"]
[Black "Roy, Lawrence"]
[Result "1-0"]
[WhiteElo "1648"]
[BlackElo "760"]
[PlyCount "47"]
[EventDate "2010.04.29"]
[EventType "swiss"]
[EventRounds "8"]
[EventCountry "CAN"]

1. d4 d5 2. c4 dxc4 3. Nc3 Nf6 4. Nf3 e6 5. Bf4 Bb4 6. Bd2 O-O 7. e3 Re8 8.
Bxc4 Bd6 9. O-O e5 10. Qb3 Be6 11. Rfd1 Re7 12. Be1 Bg4 13. dxe5 Bxe5 14. Rxd8+
Ne8 15. Bxf7+ Kf8 16. Bxe8 g6 17. Nxe5 Kg7 18. Ne4 Rxe5 19. Bc3 Kh6 20. Bxe5
Nc6 21. Bf4+ Kh5 22. Nf6+ Kh4 23. e4 Nxd8 24. Qg3# 1-0

[Event "Scarborough CC LH Summer U1700"]
[Site "Toronto CAN"]
[Date "2010.06.10"]
[Round "6"]
[White "Song, Lin"]
[Black "Walker, John"]
[Result "1-0"]
[WhiteElo "1448"]
[BlackElo "1543"]
[PlyCount "67"]
[EventDate "2010.04.29"]
[EventType "swiss"]
[EventRounds "8"]
[EventCountry "CAN"]

1. e4 d6 2. d4 Nf6 3. Nc3 Nbd7 4. Be3 e5 5. d5 Be7 6. Bd3 O-O 7. f3 Re8 8. Nge2
Nf8 9. Qd2 Ng6 10. g3 Bh3 11. Rg1 Bd7 12. Bc4 a6 13. a4 c5 14. b3 Rb8 15. Qd3
Qa5 16. Kf2 Rec8 17. Rgb1 h5 18. Bd2 Qd8 19. Ng1 h4 20. Qf1 hxg3+ 21. hxg3 Nh5
22. Qg2 Bg5 23. Bxg5 Qxg5 24. Rd1 b5 25. axb5 axb5 26. Bd3 b4 27. Nce2 f5 28.
Nh3 Qf6 29. exf5 Bxf5 30. Bxf5 Qxf5 31. g4 Qxc2 32. gxh5 Nf4 33. Nhxf4 exf4 34.
Rg1 1-0